=LDR 00000nam 2200000 4500 =001 INLIS000000000011940 =005 20130612103504 =008 ***********************************Ind** =035 ##$$0010-061300000011940 =041 ##$$a Ind =082 ##$$a 419.8 =090 ##$$a 419.8, Fan s =100 ##$$a Fautingil, Christ =245 ##$$a Sintaksis Bahasa biak, Christ Fautngil Frans Rumbrawer, Bartolomens Kainakaim =260 ##$$a 1994 $b Jakarta =300 ##$$a xiv, Biak. Sintaksis =700 ##$$a Kainakaimu, Bartolomens =850 ##$$a NBPNMAT